CMOS VLSI Design : (Record no. 894)
[ view plain ]
| 000 -LEADER | |
|---|---|
| fixed length control field | 01042nac a22002411u 4500 |
| 008 - FIXED-LENGTH DATA ELEMENTS--GENERAL INFORMATION | |
| fixed length control field | 091105t2005 xxu|||||r|||| 001 0 eng d |
| 020 ## - INTERNATIONAL STANDARD BOOK NUMBER | |
| International Standard Book Number | 0321269772 (pbk.) |
| 020 ## - INTERNATIONAL STANDARD BOOK NUMBER | |
| International Standard Book Number | 03212697772 (International edition) (pbk.) |
| 020 ## - INTERNATIONAL STANDARD BOOK NUMBER | |
| International Standard Book Number | 9780321269775 |
| 082 ## - DEWEY DECIMAL CLASSIFICATION NUMBER | |
| Classification number | 621.395 |
| Item number | WES |
| Edition number | 22 |
| 100 ## - MAIN ENTRY--PERSONAL NAME | |
| Personal name | Weste, Neil H.E. |
| 9 (RLIN) | 9165 |
| 245 ## - TITLE STATEMENT | |
| Title | CMOS VLSI Design : |
| Remainder of title | A Circuits and Systems Perspective. |
| 250 ## - EDITION STATEMENT | |
| Edition statement | 3rd ed. |
| Remainder of edition statement | International Edition |
| 260 ## - PUBLICATION, DISTRIBUTION, ETC. (IMPRINT) | |
| Place of publication, distribution, etc | London : |
| Name of publisher, distributor, etc | Pearson Addison Wesley, |
| Date of publication, distribution, etc | c2005. |
| 300 ## - PHYSICAL DESCRIPTION | |
| Extent | xxiv, 967 p. : |
| Other physical details | ill. ; |
| Dimensions | 24 cm. |
| 500 ## - GENERAL NOTE | |
| General note | Previous ed.: published as Principles of CMOS VLSI design / by Neil H.E. Weste, Kamran Eshraghian, 1993. |
| 504 ## - BIBLIOGRAPHY, ETC. NOTE | |
| Bibliography, etc | Includes bibliographical references and index. |
| 650 ## - SUBJECT ADDED ENTRY--TOPICAL TERM | |
| Topical term or geographic name as entry element | Integrated circuits |
| Form subdivision | Very large scale integration |
| General subdivision | Design and construction. |
| 9 (RLIN) | 9166 |
| 650 ## - SUBJECT ADDED ENTRY--TOPICAL TERM | |
| Topical term or geographic name as entry element | Metal oxide semiconductors, Complementary. |
| 9 (RLIN) | 9167 |
| 700 1# - ADDED ENTRY--PERSONAL NAME | |
| Personal name | Harris, David |
| Fuller form of name | (David F.) |
| 9 (RLIN) | 9168 |
| 700 ## - ADDED ENTRY--PERSONAL NAME | |
| Personal name | Weste, Neil H.E. |
| -- | t Principles of CMOS VLSI design. |
| 9 (RLIN) | 9169 |
| 942 ## - ADDED ENTRY ELEMENTS (KOHA) | |
| Item type | Book - Borrowing |
| Call number prefix | 621.395WES |
| Source of classification or shelving scheme | Dewey Decimal Classification |
| Withdrawn status | Item status | Damaged status | Not for loan | Home library | Current library | Shelving location | Date acquired | Source of acquisition | Cost, normal purchase price | Total Checkouts | Total Renewals | Full call number | Barcode | Date last seen | Date last borrowed | Cost, replacement price | Koha item type | Source of classification or shelving scheme | Vendor |
|---|---|---|---|---|---|---|---|---|---|---|---|---|---|---|---|---|---|---|---|
| Central Library | Central Library | First floor | 06/08/2009 | Purchase | 225.00 | 10 | 79 | 621.395 WES | 000003635 | 15/07/2025 | 22/01/2022 | 281.25 | Book - Borrowing | ||||||
| Central Library | Central Library | First floor | 05/11/2009 | 225.00 | 14 | 68 | 621.395 WES | 000018867 | 15/07/2025 | 07/10/2019 | 281.25 | Book - Borrowing | Dewey Decimal Classification | Baccah | |||||
| Central Library | Central Library | First floor | 05/11/2009 | 225.00 | 1 | 621.395 WES | 000018866 | 15/07/2025 | 11/11/2010 | 281.25 | NB - Book (Non borrowing) | Dewey Decimal Classification | Baccah |